New species of Rhynchospora (<Cyperaceae>) from Venezuela (Registro nro. 11856)

Detalles MARC
000 -CABECERA
Campo de control 005380000a22001810004500
090 ## - CLASIFICACIÓN LOCAL
Colección AR
Consecutivo 02795
041 0# - IDIOMA
Código de idioma para texto/pista de sonido o título separado
100 1# - ASIENTO PRINCIPAL--NOMBRE PERSONAL
Nombre personal Thomas, Wm. Wayt
245 10 - MENCION DE TITULO
Título New species of Rhynchospora (<Cyperaceae>) from Venezuela
650 14 - ASIENTO SECUNDARIO DE MATERIA - TERMINO TEMATICO
Término temático o nombre geográfico como elemento de entrada Botánica
650 14 - ASIENTO SECUNDARIO DE MATERIA - TERMINO TEMATICO
Término temático o nombre geográfico como elemento de entrada Taxonomía vegtal
650 14 - ASIENTO SECUNDARIO DE MATERIA - TERMINO TEMATICO
Término temático o nombre geográfico como elemento de entrada Morfología vegetal
650 14 - ASIENTO SECUNDARIO DE MATERIA - TERMINO TEMATICO
Término temático o nombre geográfico como elemento de entrada Nuevas especies
651 #4 - ASIENTO SECUNDARIO DE MATERIA - NOMBRE GEOGRAFICO
-- Venezuela
653 ## - TERMINO DE INDIZACION - NO CONTROLADO
-- Cyperaceae
-- Rhynchospora
773 1# - Item fuente:
Título Contr. Univ. Mich. Herb.
Especificación de materiales 1326
Paginas del Articulo 311-313
Lugar, editorial y fecha de publicación 1982
Información sobre la relación 15
942 ## - ELEMENTOS ADICIONALES (KOHA)
Tipo de ítem Artículo
Existencias
Withdrawn status Lost status Damaged status No para préstamo Colección Ubicación Permanente Ubicación actual Fecha de adquisición Datos de publicación Seriada Total Checkouts Número topográfico Inventario / Código de Barras Date last seen Ejemplar Price effective from Forma de adquisición Tipo de material
      No para Préstamo Hemeroteca Bogotá Bogotá 27/02/2015 Fuera de circulación   AR 02795 013206 25/03/2015 1 25/03/2015   Artículo